Lucent's सामान्य हिन्दी (Record no. 65832)
[ view plain ]
| 000 -LEADER | |
|---|---|
| fixed length control field | 00279nam a22000977a 4500 |
| 082 ## - DEWEY DECIMAL CLASSIFICATION NUMBER | |
| Classification number | 400 |
| 245 ## - TITLE STATEMENT | |
| Title | Lucent's सामान्य हिन्दी |
| 260 ## - PUBLICATION, DISTRIBUTION, ETC. (IMPRINT) | |
| Place of publication | पटना |
| Name of publisher | Lucent's प्रकाशन |
| Year of publication | 2023 |
| 650 ## - SUBJECT ADDED ENTRY--TOPICAL TERM | |
| Topical Term | व्याकरण |
| 942 ## - ADDED ENTRY ELEMENTS (KOHA) | |
| Koha item type | Hindi Books |
| Withdrawn status | Lost status | Damaged status | Not for loan | Home library | Current library | Date acquired | Cost, normal purchase price | Full call number | Accession Number | Price effective from | Koha item type |
|---|---|---|---|---|---|---|---|---|---|---|---|
| MACL | MACL | 29/01/2023 | 340.00 | 400 | GCLC01024 | 29/01/2023 | Hindi Books | ||||
| MACL | MACL | 29/01/2023 | 340.00 | 400 | GCLC01023 | 29/01/2023 | Hindi Books | ||||
| MACL | MACL | 29/01/2023 | 340.00 | 400 | GCLC01022 | 29/01/2023 | Hindi Books | ||||
| MACL | MACL | 29/01/2023 | 340.00 | 400 | GCLC01021 | 29/01/2023 | Hindi Books | ||||
| MACL | MACL | 29/01/2023 | 340.00 | 400 | GCLC01020 | 29/01/2023 | Hindi Books | ||||
| MACL | MACL | 09/03/2023 | 340.00 | 400 | DPI001241 | 29/01/2023 | Hindi Books | ||||
| MACL | MACL | 09/03/2023 | 340.00 | 400 | DPI001240 | 29/01/2023 | Hindi Books | ||||
| MACL | MACL | 09/03/2023 | 340.00 | 400 | DPI001239 | 29/01/2023 | Hindi Books |









